Traduction de vocabulaire en espagnol - Statistiques

Statistiques générales
  • Ce quiz a été pris 808 fois
  • Le résultat moyen est 13 sur 15
Statistiques - réponses
Hint Réponse % Correct
nuit noche
98%
Espagne España
97%
manger comer
96%
frère hermano
95%
lundi lunes
95%
boire beber
93%
vivre vivir
93%
soleil sol
92%
chanter cantar
91%
vendredi viernes
87%
Noël Navidad
80%
œil ojo
79%
janvier enero
75%
malade enfermo
54%
cahier cuaderno
50%
Aucun quiz correspondant
Distribution des résultats
% des personnes avec chaque résultat
Percentile par nombre de réponses
Votre historique - résultats
Vous n’avez pas pris ce quiz